Des commissionnaires (Record no. 151775)

MARC details
000 -LEADER
campo de control de longitud fija 00771nam a22002055i 4500
001 - NÚMERO DE CONTROL
campo de control 151775
003 - IDENTIFICADOR DE NÚMERO DE CONTROL
campo de control ES-MaACL
005 - FECHA Y HORA DE LA ÚLTIMA TRANSACCIÓN
campo de control 20250809031526.0
008 - DATOS DE LONGITUD FIJA--INFORMACIÓN GENERAL
campo de control de longitud fija 051005s1863 fr | |||||||| ||fre d
040 ## - FUENTE DE CATALOGACIÓN
Centro catalogador/agencia de origen CAM
Lengua de catalogación spa
Centro/agencia transcriptor CAM
100 1# - ENTRADA PRINCIPAL--NOMBRE DE PERSONA
Nombre de persona Bédarride, J.
9 (RLIN) 126256
245 10 - MENCIÓN DEL TÍTULO
Título Des commissionnaires
Resto del título : avec Appendice sur les modifications qui y ont été introduites /
Mención de responsabilidad, etc. par J. Bédarride.
260 ## - PUBLICACIÓN, DISTRIBUCIÓN, ETC.
Lugar de publicación, distribución, etc. Paris :
Nombre del editor, distribuidor, etc. Auguste Durand ;
Lugar de publicación, distribución, etc. Aix :
Nombre del editor, distribuidor, etc. Remondet-Aubin,
Fecha de publicación, distribución, etc. 1863.
300 ## - DESCRIPCIÓN FÍSICA
Extensión 547 p. ;
Dimensiones 22 cm.
490 1# - MENCIÓN DE SERIE
Mención de serie Droit commercial. Commentaire du Code de Commerce ;
Designación de volumen o secuencia 6
650 #7 - PUNTO DE ACCESO ADICIONAL DE MATERIA--TÉRMINO DE MATERIA
Término de materia o nombre geográfico como elemento de entrada Derecho mercantil
Fuente del encabezamiento o término embne
9 (RLIN) 135891
830 0# - PUNTO DE ACCESO ADICIONAL DE SERIE-TÍTULO UNIFORME
Título uniforme Droit commercial. Commentaire du Code de Commerce ;
Designación de volumen o secuencia 6
9 (RLIN) 187673
852 ## - LOCALIZACIÓN
Ubicación ES-MaACL
Número de control de estantería G-14178
Nota libre -- Enc. hol.
Holdings
Estatus retirado Estado de pérdida Estado de daño No para préstamo Colección Biblioteca de origen Biblioteca actual Ubicación en estantería Fecha de adquisición Fuente de adquisición Total de préstamos Signatura topográfica completa Código de barras Visto por última vez Precio de reemplazo Tipo de ítem Koha
        Libros del s. XIX Biblioteca del Ateneo de Madrid Biblioteca del Ateneo de Madrid Sala Pecera Planta 3 17/01/2008     G-14178 1158404 23/02/2023 23/02/2023 Libro impreso antiguo